000 01121ngm a22003730a 4500
001 PT43890
003 AR-LpoUNG
005 20210201235943.0
007 vd cvaizq
008 191001s[201||||ag |||||||||||||||||spa d
040 _aAR-LpoUNG
_bspa
_cAR-LpoUNG
_eaacr
041 _aspa
044 _aag
082 0 _a302.1 617v6
100 1 _aBirri, Fernando
_edir.
245 1 0 _aImmagini populari siciliane (sacre e profane)
260 _aRosario :
_bISCAA - ATE,
_c[2011].
300 _aDVD (20 min.) : son., byn
505 0 _aHecha en 1952. Italia - Producción: Alfonso Sansone y Agostino Sansone. - Fotografía: Vitturugo Contino.
520 _aExvotos y carritos pintados, altarcitos y letreros de tiendas, I opra dei Pupi (teatro de mariposas sicilianas), en un colorido film "naif"
650 4 _aARGENTINA
650 4 _aCULTURA
650 4 _aITALIA
650 4 _aMARGINALIDAD
650 4 _aPOBREZA
650 4 _aPROBLEMAS SOCIALES
651 4 _aArgentina
653 _aCINE ARGENTINO
653 _aDOCUMENTALES
653 _aDVD
653 _aVIDEOS
905 _a43890
942 _cDVD
999 _c53837
_d53837